00483nam a22001577a 450000500170000001000150001702000260003203500140005803700130007208200100008510000210009524500960011626000340021227000560024630000230030220231211163638.0 aENG-137657 a9789381523568c150.00 aEN-121189 bDBAD/PUB a158.1 aKampchen, Martin aSimply Do It Do It Simply:bTranslated from German by Mattew Pritchard/cBy Martin Kampchen aNew DelhibNiyogi Booksc2013 aD-78, Okhla Industrial Area, Phase-IbDelhie110020 a99p. ;c19cm (pbk)